000 00543nam a2200181 i 4500
001 42138
003 ES-MaACL
005 20251005063038.0
007 t|
008 030312s1916 sp ||||1| spa d
100 1 _aCastelo Branco, Camilo,
_d1825-1890
_936559
245 1 3 _aLa inclusera /
_cC. Castello Branco ; traducción de Enrique Amado.
260 _aMadrid :
_b[s.n.,
_c1916] (
_fJ. Pueyo)
300 _a286 p. ;
_c20 cm.
700 1 _aAmado, Enrique,
_dm. 1918
_921076
852 _aES-MaACL
_jG-4375
999 _c42138
_d42138